7 jours en 15 secondes - Statistiques

Statistiques générales
  • Ce quiz a été pris 110 fois
  • Le résultat moyen est 6 sur 7
Statistiques - réponses
Réponse % Correct
Lundi
100%
Mardi
99%
Jeudi
94%
Mercredi
94%
Vendredi
92%
Samedi
90%
Dimanche
81%
Aucun quiz correspondant
Distribution des résultats
% des personnes avec chaque résultat
Percentile par nombre de réponses
Votre historique - résultats
Vous n’avez pas pris ce quiz